Statistics for Ballon d'Or : Nordic players nominated since 1990

Click here to take the quiz!

General Stats

  • This quiz has been taken 165 times
  • The average score is 28 of 44

Answer Stats

YearRankPlayerClubNationality% Correct
201613thZlatan IbrahimovicParis Saint-Germain / Manchester UnitedSweden
97%
20097thZlatan IbrahimovicInter Milan / BarcelonaSweden
97%
20thZlatan IbrahimovicAjax AmsterdamSweden
97%
200414thZlatan IbrahimovicAjax Amsterdam / JuventusSweden
97%
20058thZlatan IbrahimovicJuventusSweden
97%
20089thZlatan IbrahimovicInter MilanSweden
97%
20077thZlatan IbrahimovicInter MilanSweden
97%
201212thZlatan IbrahimovicAC Milan / Paris Saint-GermainSweden
97%
20134thZlatan IbrahimovicParis Saint-GermainSweden
97%
201412thZlatan IbrahimovicParis Saint-GermainSweden
97%
201511thZlatan IbrahimovicParis Saint-GermainSweden
97%
200312thHenrik LarssonCeltic GlasgowSweden
85%
12thPeter SchmeichelManchester UnitedDenmark
85%
19925thPeter SchmeichelManchester UnitedDenmark
85%
199917thPeter SchmeichelManchester United / Sporting PortugalDenmark
85%
19978thPeter SchmeichelManchester UnitedDenmark
85%
6thBrian LaudrupBayern Munich / FiorentinaDenmark
84%
23rdBrian LaudrupGlasgow Rangers / ChelseaDenmark
84%
199628thBrian LaudrupGlasgow RangersDenmark
84%
10thMichael LaudrupReal MadridDenmark
84%
199820thMichael LaudrupAjax AmsterdamDenmark
84%
199018thMichael LaudrupBarcelonaDenmark
84%
199111thMichael LaudrupBarcelonaDenmark
84%
19935thMichael LaudrupBarcelonaDenmark
84%
7thMichael LaudrupBarcelonaDenmark
84%
13thMichael LaudrupReal MadridDenmark
84%
19953rdJari LitmanenAjax AmsterdamFinland
78%
8thJari LitmanenAjax AmsterdamFinland
78%
200118thSami HyypiäLiverpoolFinland
52%
16thTomas BrolinParmaSweden
33%
26thTomas BrolinParmaSweden
33%
19944thTomas BrolinParmaSweden
33%
26thMartin DahlinBorussia MönchengladbachSweden
22%
24thMartin DahlinBorussia MönchengladbachSweden
22%
18thEbbe SandSchalke 04Denmark
20%
7thThomas RavelliIFK GöteborgSweden (GK)
20%
24thKennet AnderssonLille OSC / SM CaenSweden
18%
13thHenrik LarsenPisaDenmark
15%
14thJohn JensenBrondby / ArsenalDenmark
12%
12thFlemming PovlsenBorussia DortmundDenmark
11%
15thRune BratsethWerder BremenNorway
11%
20thRune BratsethWerder BremenNorway
11%
16thHenrik AndersenCologneDenmark
8%
33rdBent SkammelsrudRosenborgNorway
4%

Score Distribution

Percentile by Number Answered

Percent of People with Each Score

Your Score History

You have not taken this quiz